Kluby piłkarskie które mają w nazwie FC - Statystyki

Ogólne statystyki
  • Ten quiz został rozwiązany 86 razy
  • Średni wynik to 10 z 16
Statystyki odpowiedzi
Obrazkowy Odpowiedź % Poprawnych
FC Barcelona
96%
FC Porto
91%
FC Thun
82%
Chelsea FC
80%
Liverpool FC
80%
FC Basel
76%
FC Koln
72%
Sevilla FC
70%
Girona FC
68%
FC Bayer Leverkusen
67%
FC Union Berlin
66%
Celtic FC
57%
FC Luzern
46%
FC Zurich
43%
FC Ausburg
14%
Juvenus FC
1%
Nie znaleziono quizów pasujących do podanych kryteriów
Rozkład punktacji
Procent ludzi z każdym wynikiem
Percentyl według liczby udzielonych odpowiedzi
Twoja historia wyników
Nie rozwiązałeś tego quizu